Hábitos alimentarios y vida reproductiva del Capitán de la Sabana Eremophilusmutisii (pisces) (Registro nro. 3986)
[ vista simple ]
| 000 -CABECERA | |
|---|---|
| Campo de control | 01005cam a2200229 a 4500 |
| 005 - FECHA Y HORA DE LA ULTIMA TRANSACCION | |
| Campo de control | 20160816152443.0 |
| 008 - ELEMENTOS DE LONGITUD FIJA—INFORMACION GENERAL | |
| Campo de control | 040604s2003 ck ao r 000 0 spa d |
| 040 ## - FUENTE DE CATALOGACIÓN | |
| Agencia catalogadora original | CO-BoPUJ |
| Agencia transcriptora | CO-BoIAVH |
| Agencia Modificadora | CO-BoIAVH |
| 041 0# - IDIOMA | |
| Código de idioma para texto/pista de sonido o título separado | Español |
| 044 ## - PAÍS DE PUBLICACIÓN | |
| País de publicación | Colombia |
| 082 04 - NUMERO DE CLASIFICACION DECIMAL DEWEY | |
| Número de clasificación | 597.49 |
| Número del ítem | H43a |
| 245 00 - MENCION DE TITULO | |
| Título | Hábitos alimentarios y vida reproductiva del Capitán de la Sabana Eremophilusmutisii (pisces) |
| Parte restante del título | del tramo del río Bogotá en el municipio de Suesca (Cundinamarca), Colombia |
| Mención de responsabilidad | editado por Fernando Vásquez Lalinde |
| 260 ## - PUBLICACION, DISTRIBUCION, ETC. (PIE DE IMPRENTA) | |
| Lugar de publicación, distribución, etc. | Bogotá : |
| Nombre del editor, distribuidor, etc. | Fundación al Verde Vivo, |
| Fecha de publicación, distribución, etc. | 2003. |
| 300 ## - DESCRIPCION FISICA | |
| Extensión | 40 páginas : |
| Otros detalles físicos | ilustraciones y fotografías a color ; |
| Dimensiones | 21 x 14 cm. |
| 504 ## - NOTA DE BIBLIOGRAFIA, ETC. | |
| Nota de bibliografía | Incluye referencias bibliográficas: páginas 38-39. |
| 650 26 - ASIENTO SECUNDARIO DE MATERIA - TERMINO TEMATICO | |
| Término temático o nombre geográfico como elemento de entrada | Ictiología |
| Subdivisión general | Investigaciones |
| Subdivisión geográfica | Río Bogotá (Colombia) |
| 9 (RLIN) | 74406 |
| 650 24 - ASIENTO SECUNDARIO DE MATERIA - TERMINO TEMATICO | |
| Término temático o nombre geográfico como elemento de entrada | Eremophilus murisii |
| 9 (RLIN) | 74407 |
| 650 26 - ASIENTO SECUNDARIO DE MATERIA - TERMINO TEMATICO | |
| Término temático o nombre geográfico como elemento de entrada | Peces |
| Subdivisión general | Alimentación y alimentos |
| 9 (RLIN) | 74408 |
| 650 24 - ASIENTO SECUNDARIO DE MATERIA - TERMINO TEMATICO | |
| Término temático o nombre geográfico como elemento de entrada | Capitán de la sabana |
| 9 (RLIN) | 74409 |
| 700 1# - ASIENTO SECUNDARIO - NOMBRE PERSONAL | |
| Nombre personal | Vásquez Lalinde, Luis Fernando |
| Término de relación | editor |
| 9 (RLIN) | 33284 |
| 942 ## - ELEMENTOS ADICIONALES (KOHA) | |
| Sistema de clasificación | Dewey Decimal Classification |
| Tipo de ítem | Libro |
| Withdrawn status | Lost status | Sistema de Clasificación | Damaged status | No para préstamo | Colección | Inventariado | Ubicación Permanente | Ubicación actual | Fecha de adquisición | Fuente de Valor | Valor | Total Checkouts | Número topográfico | Inventario / Código de Barras | Date last seen | Ejemplar | Price effective from | Forma de adquisición | Tipo de material | Date checked out |
|---|---|---|---|---|---|---|---|---|---|---|---|---|---|---|---|---|---|---|---|---|
| Dewey Decimal Classification | General | Inventariado 2017 | Bogotá | Bogotá | 02/07/2004 | Instituto | 15000.00 | 1 | LB-597.49 H43a | 016344 | 28/01/2020 | Ej. 1 | 04/12/2012 | Donación | Libro | 28/01/2020 | ||||
| Dewey Decimal Classification | General | Inventariado 2017 | Sala Fabio Quevedo | Sala Fabio Quevedo | 02/07/2004 | Instituto | 15000.00 | LB-597.49 H43a | 016343 | 04/12/2012 | Ej. 2 | 04/12/2012 | Donación | Libro |